| 000 | 01455 a2200289 4500 | ||
|---|---|---|---|
| 003 | OSt | ||
| 005 | 20180116192359.0 | ||
| 008 | 120622t xxu||||| |||| 00| 0 eng d | ||
| 010 | _a 2010481595 | ||
| 020 | _a9780714848303 | ||
| 020 | _a0714848301 | ||
| 035 | _a(OCoLC)ocn172979956 | ||
| 040 | _c0 | ||
| 082 | 0 | 4 | _a759.5 |
| 100 | 1 |
_aAhl, Diane Cole, _94905 |
|
| 245 | 1 | 0 |
_aFra Angelico / _cDiane Cole Ahl. |
| 260 |
_aLondon ; _aNew York, N.Y. : _bPhaidon Press, _c2008. |
||
| 300 |
_a240 p. : _bill. (some col.), map ; _c30 cm. |
||
| 505 | 0 | _aMagnificence and splendour, poverty and war : The Florence of Fra Angelico -- Friar John of the Friars of San Domenico : paintings from the 1420s -- With all his art and expertise : Angelico in the early 1430s -- Angelico the 'master painter' : Dominican connections in Fiesole, Cortona and Florence -- A man of absolute modesty devoted to religious life : Angelico at San Marco -- Famous beyond all other Italian painters : Angelico in Rome and Orvieto -- The servant of God : the final works -- Afterlife : the legacy of Fra Angelico. | |
| 600 | 0 | 0 |
_aAngelico, _dca. 1400-1455 _xCriticism and interpretation. _94906 |
| 600 | 0 | 0 |
_aAngelico, _dca. 1400-1455 _94907 |
| 600 | 0 | 0 |
_aAngelico (Fra) _94908 |
| 650 | 1 | 0 |
_aPainting, Renaissance _zItaly. _94909 |
| 700 | 0 |
_aAngelico, _dca. 1400-1455. _94910 |
|
| 942 |
_aSADA _cBK _k759.5 AHL 2008 _2ddc |
||
| 999 |
_c353249 _d353249 |
||